000 00766nam a2200241 4500
001 71805
003 BD-RjUL
005 20211209082150.0
008 170508s1954 ii a b 001 0 eng d
035 _a(BD-RjUL)72021
040 _aDLC
_cCarP
_dDLC
_dBD-RjUL
_beng
041 _aeng
082 _223
_a347.54077
_bNAS 1954
100 _aNanyiha, A. K.
_9212419
245 0 0 _aSanjiva Row's Court-fees and suits valuation acts :
_b Act VII of 1870 & Act VII of 1887 /
_c A. K. Nanyiha
250 _a5th ed.
260 _aAllahabad :
_bLaw Book,
_c1954.
300 _alvi, 1056 p. :
_bill. ;
_c26 cm.
504 _aIncludes Bibliography and Index
650 0 _aCosts (Law)
_zIndia.
_9134400
700 1 _aAiyar, Krishna Jagadisa,
_d1885-
_eed.
_9141111
942 _2ddc
_cBK
999 _c71805
_d71805